| 000 | nam a22 4500 | ||
|---|---|---|---|
| 999 |
_c8932 _d8932 |
||
| 008 | 180320b ||||| |||| 00| 0 eng d | ||
| 245 | _aScientists launch unprecedented Antarctic research mission. | ||
| 260 |
_aPhilippines _bManila Bulletin _cc2016 |
||
| 300 | _apage B-11. | ||
| 650 | 0 |
_926948 _aEnvironmental movement. |
|
| 942 |
_2ddc _cPER |
||